Diálogos sobre la educación

Guardat en:
Dades bibliogràfiques
Autor principal: Vives, Juan Luis (Autor)
Format: Llibre
Idioma:espanyol
Publicat: Madrid Alianza 1987
Col·lecció:El Libro de Bolsillo Alianza. Sección Clásica, 1283
Matèries:
Etiquetes: Afegir etiqueta
Sense etiquetes, Sigues el primer a etiquetar aquest registre!

MARC

LEADER 00000nam a2200000 a 4500
001 UCW3975
003 CL-VaPUC
008 890628e19870000SP |||||||||||||||||spa|d
082 0 4 |a 370.1  |b VIV  |2 21 
100 0 |a Vives, Juan Luis  |e author  |9 256558 
245 1 0 |a Diálogos sobre la educación 
300 |a 211 p 
942 |c BK 
945 |d 19890628 00:00:00 
260 |a Madrid  |b Alianza  |c 1987 
650 0 |a Filosofía de la educación   |9 258384 
583 |a last modification  |c 19890628 00:00:00  |k Rodrigo Vera 
490 0 |a El Libro de Bolsillo Alianza. Sección Clásica, 1283 
999 |c 217819  |d 217817 
952 |0 0  |1 0  |4 0  |6 370_100000000000000_VIV_1987  |7 0  |8 A  |9 206350  |a BIBEDU  |b BIBEDU  |d 2019-11-15  |i 2741377  |o 370.1 VIV 1987  |p 2741377  |r 2019-11-15  |w 2019-11-15  |y BK  |k EDU